| 000 | 00535nam a2200157 a 4500 | ||
|---|---|---|---|
| 001 | 000035375 | ||
| 005 | 20200930074309.0 | ||
| 008 | 111028s1968 xxua 000 0 spa d | ||
| 040 |
_aDO-SdBNP _bing. _cBNPHU |
||
| 100 | 1 |
_aFriedlander, Albert H. _961188 |
|
| 245 | 1 | 0 |
_aOut of the whirlwind : _ba reader of holocaust literature / _cAlbert H. Friedlander. |
| 260 |
_aNew York : _bDoubleday , _c1968. |
||
| 300 |
_a536 p. : _bil. ; _c24 cm. |
||
| 590 | _aPerteneció a la biblioteca personal de Juan Isidro Jimenes Grullón | ||
| 049 | _aBNPD | ||
| 999 |
_c34866 _d34866 |
||